000 00331nam a22001097a 4500
020 _axxxxxxxxxx
082 _aREF 330.91724 LEA
245 _aThe Least Developed Countries:Introducing to the LDCs and to the Substancial New Programme of Action for them
260 _aNew York
_bUN
_c1985
300 _aix,157p
_bill.;22cm
942 _cBK
999 _c13489
_d13489